<?xml version="1.0" encoding="UTF-8"?>
<record
    xmlns:xsi="http://www.w3.org/2001/XMLSchema-instance"
    xsi:schemaLocation="http://www.loc.gov/MARC21/slim http://www.loc.gov/standards/marcxml/schema/MARC21slim.xsd"
    xmlns="http://www.loc.gov/MARC21/slim">

  <leader>01178cam a2200265 a 4500</leader>
  <controlfield tag="005">20160923122554.0</controlfield>
  <controlfield tag="008">000128t00001998ck d    r     001 0 spa d</controlfield>
  <datafield tag="020" ind1=" " ind2=" ">
    <subfield code="a">9588025230</subfield>
  </datafield>
  <datafield tag="040" ind1=" " ind2=" ">
    <subfield code="a">CO-BoPUJ</subfield>
    <subfield code="c">CO-BoIAVH</subfield>
    <subfield code="d">CO-BoIAVH</subfield>
  </datafield>
  <datafield tag="041" ind1="0" ind2=" ">
    <subfield code="a">spa</subfield>
  </datafield>
  <datafield tag="044" ind1=" " ind2=" ">
    <subfield code="a">ck</subfield>
  </datafield>
  <datafield tag="082" ind1="0" ind2="4">
    <subfield code="a">500.681</subfield>
    <subfield code="b">C71c</subfield>
  </datafield>
  <datafield tag="110" ind1="1" ind2=" ">
    <subfield code="a">Colombia</subfield>
    <subfield code="b">Departamento Nacional de Planeaci&#xF3;n. DNP</subfield>
    <subfield code="b">Unidad de Desarrollo Empresarial</subfield>
    <subfield code="b">Divisi&#xF3;n de Desarrollo Tecnol&#xF3;gico</subfield>
  </datafield>
  <datafield tag="245" ind1=" " ind2="0">
    <subfield code="a">Colombia ciencia y tecnolog&#xED;a : </subfield>
    <subfield code="b">dinamica de los indicadores de inversi&#xF3;n</subfield>
    <subfield code="c">Departamento Nacional de Planeaci&#xF3;n y COLCIENCIAS</subfield>
  </datafield>
  <datafield tag="250" ind1=" " ind2=" ">
    <subfield code="a">Primera edici&#xF3;n</subfield>
  </datafield>
  <datafield tag="260" ind1=" " ind2=" ">
    <subfield code="a">Santa Fe de Bogot&#xE1; : </subfield>
    <subfield code="b">Direcci&#xF3;n Nacional de Planeaci&#xF3;n : </subfield>
    <subfield code="b">Colciencias,</subfield>
    <subfield code="c">1998.</subfield>
  </datafield>
  <datafield tag="300" ind1=" " ind2=" ">
    <subfield code="a">145 p&#xE1;ginas : </subfield>
    <subfield code="b">tablas y gr&#xE1;ficas ; </subfield>
    <subfield code="c">23 x 17 cm.</subfield>
  </datafield>
  <datafield tag="650" ind1="2" ind2="6">
    <subfield code="a">Desarrollo cient&#xED;fico</subfield>
    <subfield code="z">Colombia</subfield>
    <subfield code="y">1994-1998</subfield>
  </datafield>
  <datafield tag="650" ind1="2" ind2="6">
    <subfield code="a">Ciencia</subfield>
    <subfield code="x">financiaci&#xF3;n</subfield>
    <subfield code="z">Colombia</subfield>
    <subfield code="y">1994-1998</subfield>
  </datafield>
  <datafield tag="650" ind1="2" ind2="6">
    <subfield code="a">Ciencia</subfield>
    <subfield code="x">Aspectos econ&#xF3;micos</subfield>
    <subfield code="z">Colombia</subfield>
    <subfield code="y">1994-1998</subfield>
  </datafield>
  <datafield tag="650" ind1="2" ind2="6">
    <subfield code="a">Tecnolog&#xED;a</subfield>
    <subfield code="x">financiaci&#xF3;n</subfield>
    <subfield code="z">Colombia</subfield>
    <subfield code="y">1994-1998</subfield>
  </datafield>
  <datafield tag="650" ind1="2" ind2="6">
    <subfield code="a">Inversi&#xF3;n p&#xFA;blica</subfield>
    <subfield code="z">Colombia</subfield>
    <subfield code="x">Estadisticas</subfield>
  </datafield>
  <datafield tag="710" ind1="2" ind2=" ">
    <subfield code="a">Colciencias</subfield>
  </datafield>
  <datafield tag="942" ind1=" " ind2=" ">
    <subfield code="2">ddc</subfield>
    <subfield code="c">LIBRO</subfield>
  </datafield>
  <datafield tag="999" ind1=" " ind2=" ">
    <subfield code="c">1088</subfield>
    <subfield code="d">1088</subfield>
  </datafield>
  <datafield tag="952" ind1=" " ind2=" ">
    <subfield code="0">0</subfield>
    <subfield code="1">0</subfield>
    <subfield code="2">ddc</subfield>
    <subfield code="4">0</subfield>
    <subfield code="7">0</subfield>
    <subfield code="8">GENERAL</subfield>
    <subfield code="I">INV2017</subfield>
    <subfield code="a">Venado</subfield>
    <subfield code="b">Venado</subfield>
    <subfield code="d">1999-01-14</subfield>
    <subfield code="g">39000.00</subfield>
    <subfield code="l">0</subfield>
    <subfield code="o">LB-500.681 C71c</subfield>
    <subfield code="p">001482</subfield>
    <subfield code="r">2012-12-04 00:00:00</subfield>
    <subfield code="t">Ej. 1</subfield>
    <subfield code="w">2012-12-04</subfield>
    <subfield code="x">Donacion</subfield>
    <subfield code="y">LIBRO</subfield>
  </datafield>
</record>
